Geography Quiz

Random Geography or City Quiz
Score 0/50 Timer 03:00
0 Plays Today
% Correct
New York
99.5%
Los Angeles
97.7%
Chicago
94%
Houston
89.3%
Dallas
83.7%
Philadelphia
83.3%
Boston
82.8%
Miami
82.3%
San Francisco
81.4%
Seattle
80%
Phoenix
78.1%
San Diego
76.7%
San Antonio
74%
Washington
73.5%
Atlanta
70.7%
Detroit
70.2%
Denver
70.2%
Las Vegas
69.3%
San Jose
67.4%
Portland
66.5%
Baltimore
66%
Austin
62.8%
Jacksonville
60%
Milwaukee
54.9%
Indianapolis
54.4%
% Correct
Minneapolis
54.4%
Charlotte
53.5%
Memphis
51.6%
Kansas City
51.6%
Cleveland
50.7%
Nashville
50.2%
Sacramento
49.3%
Columbus
47.9%
Fort Worth
47%
Oklahoma City
47%
Oakland
44.7%
El Paso
43.7%
Tucson
43.3%
Albuquerque
36.3%
Fresno
36.3%
Louisville
35.3%
Raleigh
34.4%
Tulsa
34%
Omaha
33%
Virginia Beach
29.3%
Long Beach
28.8%
Wichita
27.9%
Mesa
26.5%
Colorado Springs
26.5%
Arlington
25.6%
Remove Ads.
Support Sporcle.
Get the best of Sporcle when you Go Orange. This ad-free experience offers more features, more stats, and more fun while also helping to support Sporcle. Thank you for becoming a member.

You're not logged in!

Compare scores with friends on all Sporcle quizzes.
OR
Log In

Show Comments

Extras

Top Quizzes Today


Score Distribution

Your Account Isn't Verified!

In order to create a playlist on Sporcle, you need to verify the email address you used during registration. Go to your Sporcle Settings to finish the process.

Report this User

Report this user for behavior that violates our Community Guidelines.

Details: